Słowa po japońsku - poziom łatwy - Statystyki

Ogólne statystyki
  • Ten quiz został rozwiązany 13 razy
  • Średni wynik to 8 z 15
Statystyki odpowiedzi
Japoński Polski % Poprawnych
こんにちは (Kon'nichiwa) Cześć
92%
さようなら (Sayōnara) Do widzenia
83%
何?(Nani?) Co?
75%
いいえ (Īe) Nie
75%
はい (Hai) Tak
75%
私 (Watashi) Ja
67%
猫 (Neko) Kot
58%
あなた (Anata) Ty
50%
日本 (Nihon) Japonia
42%
チェリー (Cherī) Wiśnia
42%
水 (Mizu) Woda
42%
母親 (Hahaoya) Mama
25%
家 (Ie) Dom
17%
木 (Ki) Drzewo
17%
男 (Otoko) Człowiek
8%
Nie znaleziono quizów pasujących do podanych kryteriów
Rozkład punktacji
Procent ludzi z każdym wynikiem
Percentyl według liczby udzielonych odpowiedzi
Twoja historia wyników
Nie rozwiązałeś tego quizu